| 000 | 00621nam a22002171 4500 | ||
|---|---|---|---|
| 001 | 105168 | ||
| 003 | ES-MaACL | ||
| 005 | 20250826070418.0 | ||
| 007 | t| | ||
| 008 | 060615s1972 sp ||||0| spa d | ||
| 016 | 7 | _zIND9200523427 | |
| 040 |
_aM-BN _bspa _cA2 |
||
| 080 | _a331.01 | ||
| 100 | 1 |
_aLópez Medel, Jesús. _973768 |
|
| 245 | 1 | 0 |
_aJusticia y derecho en la comunidad del trabajo / _cJesús López Medel. |
| 260 |
_aMadrid : _b[s.n.], _c1972 ( _fGráf. Ema) |
||
| 300 |
_a382 p ; _c22 cm. |
||
| 650 | 1 | 4 |
_aTrabajo- _xFilosofía _917595 |
| 852 |
_aES-MaACL _jC-42748 _bR.82390 |
||
| 999 |
_c105168 _d105168 |
||